Кейсовые технологии в системе заочного обучения Томского политехнического университета: опыт и перспективы; Совершенствование содержания и технологии учебного процесса

Dades bibliogràfiques
Parent link:Совершенствование содержания и технологии учебного процесса.— 2010.— С. 205-206
Autor principal: Першиков А. Н. Анатолий Николаевич
Idioma:rus
Publicat: 2010
Matèries:
Format: MixedMaterials Capítol de llibre
KOHA link:https://koha.lib.tpu.ru/cgi-bin/koha/opac-detail.pl?biblionumber=185171

MARC

LEADER 00000naa2a2200000 4500
001 185171
005 20231031172728.0
035 |a (RuTPU)RU\TPU\book\200845 
090 |a 185171 
100 |a 20101004d2010 k y0rusy50 ca 
101 0 |a rus 
102 |a RU 
200 1 |a Кейсовые технологии в системе заочного обучения Томского политехнического университета: опыт и перспективы  |f А. Н. Першиков 
463 0 |0 (RuTPU)RU\TPU\book\191281  |t Совершенствование содержания и технологии учебного процесса  |o сборник трудов научно-методической конференции, г. Томск, 12-13 февраля 2010 г.  |f Томский политехнический университет (ТПУ)   |v С. 205-206  |d 2010  |p 279 с. 
610 1 |a заочное обучение 
610 1 |a технические вузы 
610 1 |a университеты 
610 1 |a кейсовые технологии 
610 1 |a компьютерные технологии 
610 1 |a электронные учебники 
610 1 |a труды учёных ТПУ 
700 1 |a Першиков  |b А. Н.  |c историк  |c доцент Кафедры истории и регионоведения Томского политехнического университета  |g Анатолий Николаевич  |2 stltpush  |3 (RuTPU)RU\TPU\pers\26636 
801 1 |a RU  |b 63413507  |c 20101004 
942 |c BK